Paroles : Comme des enfants - Coeur de Pirate - Statistiques

Statistiques générales
  • Ce quiz a été pris 273 fois
  • Le résultat moyen est 247 sur 292
Statistiques - réponses
Réponse % Correct
comme
97%
de
97%
Et
97%
et
97%
à
96%
À
96%
je
95%
tu
94%
encore,
93%
encore
93%
Encore,
93%
fort
93%
il
93%
Il
93%
la
93%
m'aime
93%
moi
93%
plus
93%
enfant
91%
me
91%
t'aime
91%
un
91%
peu
89%
ça,
87%
Mais
87%
se
87%
des
86%
te
86%
tout
85%
vois,
84%
ce
81%
Le
81%
enfants
79%
grand
77%
que
76%
Ton
76%
du
75%
nous
75%
lâcher
73%
ne
73%
toi
73%
ces
72%
cœur
72%
on
72%
tête
72%
crie,
71%
jamais
71%
laisse
71%
qu'on
71%
rire
71%
casse-
70%
main,
69%
nos
69%
tes
69%
Avant
67%
côté
67%
part
67%
rien,
67%
traites,
67%
d'abandonner
66%
Alors
65%
Car
65%
C'est
65%
c'est
65%
deviens
65%
est
65%
malgré
65%
n'avons
65%
prend
65%
t'en
65%
autant
63%
Déjà
63%
perdre
63%
vies
63%
arrêter
61%
assez
61%
demanderai
61%
lèvres,
61%
m'aimes
61%
naïvement
61%
pas
61%
S'en
59%
risquer
58%
mêle
56%
aux
55%
bonheur
55%
décidé
55%
pourra,
55%
prise,
55%
d'un
54%
faire,
54%
toucher
53%
dur
52%
facile
52%
ensemble,
51%
marche
51%
rêver
51%
qu'autrement
50%
crient
49%
têtes
49%
sans
46%
dédoublements
36%
Aucun quiz correspondant
Distribution des résultats
% des personnes avec chaque résultat
Percentile par nombre de réponses
Votre historique - résultats
Vous n’avez pas pris ce quiz